Dreißigjähriger Krieg und Öffentlichkeit: Zeitungsberichterstattung als Erste Rohfassung der Geschichtsschreibung

Titel: Dreißigjähriger Krieg und Öffentlichkeit: Zeitungsberichterstattung als Erste Rohfassung der Geschichtsschreibung / Holger Böning
Verfasser:
In: Daphnis, Band 47, Heft 1-2 (2019), Seite 25-67
alle Artikel anzeigen
Veröffentlicht: 2019
Format: Aufsatz
Sprache: Englisch
Schlagworte:
Kein Bild verfügbar
X
alg: 52220017
001A    $03025:14-10-24 
001B    $01999:14-10-24 $t22:46:00.000 
001D    $03025:14-10-24 
001U    $0utf8 
001X    $00 
002@    $0Oou 
002C    $aText $btxt $2rdacontent 
002D    $aComputermedien $bc $2rdamedia 
002E    $aOnline-Ressource $bcr $2rdacarrier 
003@    $0522200176 
007A    $0522200176 $aHEB 
009Q    $uhttps://doi.org/10.1163/18796583-04701010 $xVolltext 
010@    $aeng 
010E    $erda 
011@    $a2019 
021A    $aDreißigjähriger Krieg und Öffentlichkeit: Zeitungsberichterstattung als Erste Rohfassung der Geschichtsschreibung $hHolger Böning 
028A    $#Böning, H. $#Boening, Holger $712054105X $8Böning, Holger$Z1949-2024 [Tp1] $9152121676 
031A    $d47 $e1-2 $h25-67 $j2019 
039B    $aEnthalten in $8--Obvc--. Daphnis. - Leiden {[u.a.] : Brill Rodopi, 1978-. - Online-Ressource. - ISSN 1879-6583 $x201900000470001975 $9079276997 
044K    $#Abendland $#Okzident $74015701-5 $8Europa [Tgz] $908503617X 
044K    $RJournalismus $#Mediale Berichterstattung $#Berichterstattung $74005709-4 $8Berichterstattung [Ts1] $9085007129 
044K    $RPresse $RFortlaufendes Sammelwerk $#Newspapers $#Newspapers Sections, columns, etc. $#Journaux $#Journaux Cahiers, chroniques, etc. $#Giornali $#Artículos periodísticos $#Periódicos $#newspapers $#Zeitung $#Zeitung $#Tagespresse $#Tageszeitung $#Gazette $#Zeitungen $74067510-5 $8Zeitung [Ts1] $9085189790 
044K    $RKrieg $#Thirty Years' War, 1618-1648 $#Guerre de Trente Ans (1618-1648) $#Guerra dei trent'anni <1618-1648> $#Guerra de los Treinta Años, 1618-1648 $#Dreißigjähriger Krieg $74012985-8 $8Dreißigjähriger Krieg [Ts1] $908502841X 
045F    $a070.9 $eDDC23BSB 
045F/01 $a070.9 
045F/03 $f09032 
045F/03 $g43 
045R    $aGeschichte 1609-1648 
045T    $a7,20 
045T    $aAVL $qDE-30 $2FID 
045T    $aGER $qDE-30 $2FID 

lok: 52220017 78

exp: 52220017 78 1 #EPN
201B/01 $014-10-24 $t13:05:33.000 
201C/01 $014-10-24 
201U/01 $0utf8 
203@/01 $01277949433 
208@/01 $a14-10-24 $be 
209A/01 $a/ $f000 $x00 
209A/01 $ab*p $x01 
209A/01 $aEnglische Zusammenfassung, S. 25: Thirty Years War and Public Life. Newspaper Reports as the First Draft of Historiography $x03 
220C/01 $apgar 
244Z/01 $#Böhmische Kronländer $#Länder der Böhmischen Krone $#Sudetenland $#Böhmen $#Mähren $#Mährisch-Schlesien $#Österreichisch-Schlesien $#Tschechische Sozialistische Republik Böhmische Länder $#Tschechei Böhmische Länder $#Země koruny české $74069573-6 $8--Tg1--Böhmische Länder $x03 $9085195553 
247C/01 $82080>Marburg/Lahn, Herder-Institut, Forschungsbibliothek, Bibliographieportal $9336309341
LEADER 00000caa a2200000 c 4500
001 522200176
003 DE-603
005 20241014224600.0
007 cr||||||||||||
008 241014s2019 xx |||| o| u00||u|eng c
035 |a (DE-599)HEB522200176 
040 |a DE-603  |b ger  |c DE-603  |d DE-603  |e rda 
041 |a eng 
082 0 4 |8 1\u  |a 070.9  |q DE-101  |2 23/BSB 
084 |a 7,20  |2 ssgn 
084 |a AVL  |q DE-30  |2 fid 
084 |a GER  |q DE-30  |2 fid 
085 |8 1\u  |b 070.9 
085 |8 1\u  |z 1  |s 09032 
085 |8 1\u  |z 2  |s 43 
100 1 |a Böning, Holger  |d 1949-2024  |0 (DE-603)152121676  |0 (DE-588)12054105X  |2 gnd 
245 0 0 |a Dreißigjähriger Krieg und Öffentlichkeit: Zeitungsberichterstattung als Erste Rohfassung der Geschichtsschreibung  |c Holger Böning 
264 0 |c 2019 
336 |a Text  |b txt  |2 rdacontent 
337 |a Computermedien  |b c  |2 rdamedia 
338 |a Online-Ressource  |b cr  |2 rdacarrier 
648 7 |a Geschichte 1609-1648  |2 gnd 
650 7 |a Berichterstattung  |0 (DE-588)4005709-4  |0 (DE-603)085007129  |2 gnd 
650 7 |a Zeitung  |0 (DE-588)4067510-5  |0 (DE-603)085189790  |2 gnd 
650 7 |a Dreißigjähriger Krieg  |0 (DE-588)4012985-8  |0 (DE-603)08502841X  |2 gnd 
651 7 |a Europa  |0 (DE-588)4015701-5  |0 (DE-603)08503617X  |2 gnd 
773 0 8 |i Enthalten in  |t Daphnis  |d Leiden ˜[u.a.] œ: Brill Rodopi, 1978-  |h Online-Ressource  |x 1879-6583  |g Band 47, Heft 1-2 (2019), Seite 25-67  |w (DE-603)079276997  |w (DE-600)1481780-9 
856 |u https://doi.org/10.1163/18796583-04701010 
924 1 |9 2080  |a (DE-603)1277949433  |b DE-2080  |c HES  |d d  |g /